Hydrologic budgets of regional aquifer systems of the United States for predevelopment and development conditions /

Bibliographic Details
Main Author: Johnston, Richard H. (Author)
Format: Government Document eBook
Language:English
Published: Reston, Virginia : U.S. Department of the Interior, U.S. Geological Survey, 1999.
Edition:Revised 1999.
Series:Regional aquifer-system analysis.
U.S. Geological Survey professional paper ; 1425.
Subjects:
Online Access:https://purl.fdlp.gov/GPO/gpo91323

MARC

Tag First Indicator Second Indicator Subfields
LEADER 00000cam a2200000 i 4500
001 in00004042003
005 20181023093619.0
006 m o d f
007 cr n||||||||||
008 141123s1999 vauab ob f000 0 eng c
035 |a (OCoLC)ocn896811496 
040 |a COP  |b eng  |e rda  |e pn  |c COP  |d OCLCO  |d OCLCF  |d GPO  |d MvI  |d UtOrBLW 
042 |a pcc 
043 |a n-us--- 
049 |a WWW 
074 |a 0624 (online) 
086 0 |a I 19.16:1425/999 
100 1 |a Johnston, Richard H.,  |e author.  |0 http://id.loc.gov/authorities/names/n81012139 
245 1 0 |a Hydrologic budgets of regional aquifer systems of the United States for predevelopment and development conditions /  |c by Richard H. Johnston. 
250 |a Revised 1999. 
264 1 |a Reston, Virginia :  |b U.S. Department of the Interior, U.S. Geological Survey,  |c 1999. 
300 |a 1 online resource (vi, 34 pages) :  |b illustrations, color map. 
336 |a text  |b txt  |2 rdacontent 
337 |a computer  |b c  |2 rdamedia 
338 |a online resource  |b cr  |2 rdacarrier 
490 1 |a Regional aquifer-system analysis 
490 1 |a U.S. Geological Survey professional paper ;  |v 1425 
504 |a Includes bibliographical references (pages 32-34). 
588 |a Description based on online resource, PDF version; title from PDF title page (USGS, viewed October 16, 2014). 
610 2 0 |a National Regional Aquifer Systems Analysis Program (U.S.)  |0 http://id.loc.gov/authorities/names/n84047183 
650 0 |a Aquifers  |z United States. 
650 0 |a Water balance (Hydrology)  |z United States. 
650 7 |a Aquifers.  |2 fast  |0 (OCoLC)fst00812170 
650 7 |a Water balance (Hydrology)  |2 fast  |0 (OCoLC)fst01171540 
651 7 |a United States.  |2 fast  |0 (OCoLC)fst01204155 
710 2 |a Geological Survey (U.S.),  |e issuing body.  |0 http://id.loc.gov/authorities/names/n80092173 
776 0 8 |i Print version:  |a Johnston, Richard H.  |t Hydrologic budgets of regional aquifer systems of the United States for predevelopment and development conditions  |w (OCoLC)42267699 
830 0 |a Regional aquifer-system analysis.  |0 http://id.loc.gov/authorities/names/n84714238 
830 0 |a U.S. Geological Survey professional paper ;  |v 1425.  |0 http://id.loc.gov/authorities/names/n88643688 
856 4 0 |u https://purl.fdlp.gov/GPO/gpo91323  |t 0 
999 f f |s ff828f25-0dec-3f06-9d0c-306530bab866  |i 4c352d5e-8e86-3505-8725-24d235155f6a  |t 0 
952 f f |a Texas A&M University  |b College Station  |c Electronic Resources  |d Available Online  |t 0  |e I 19.16:1425/999  |h Superintendent of Documents classification 
998 f f |a I 19.16:1425/999  |t 0  |l Available Online